000 00214 a2200097 4500
001 26169
100 _aKhan M
245 _aThe first round Indo Pakistan War 1965
260 _a
_bISS Ltd
_c
090 _c17655
_d17655
942 _aNUST-CAE
_cM
_c8508
999 _c261242
_d261242